ARRUPE JESUIT UNIVERSITY

CORONAVIRUS -STOP THE SPREAD - CLEAN,DISINFECT,COVER

Judaism, human rights, and human values / (Record no. 120958)

MARC details
000 -LEADER
fixed length control field 02125pam a2200361 a 4500
001 - CONTROL NUMBER
control field 2235544
003 - CONTROL NUMBER IDENTIFIER
control field ARRUPE
005 - DATE AND TIME OF LATEST TRANSACTION
control field 20140924175239.0
008 - FIXED-LENGTH DATA ELEMENTS--GENERAL INFORMATION
fixed length control field 970805s1998 nyu b 001 0 eng
010 ## - LIBRARY OF CONGRESS CONTROL NUMBER
LC control number 97036235 //r97
020 ## - INTERNATIONAL STANDARD BOOK NUMBER
International Standard Book Number 0195118340 (cloth)
035 ## - SYSTEM CONTROL NUMBER
System control number (OCoLC)37464262
035 ## - SYSTEM CONTROL NUMBER
System control number (OCoLC)ocm37464262
035 ## - SYSTEM CONTROL NUMBER
System control number (NNC)2235544
040 ## - CATALOGING SOURCE
Original cataloging agency DLC
Transcribing agency DLC
Modifying agency DLC
-- OrLoB-B
050 00 - LIBRARY OF CONGRESS CALL NUMBER
Classification number BM645.H85
Item number G66 1998
082 00 - DEWEY DECIMAL CLASSIFICATION NUMBER
Classification number 296.3/82
Edition number 21
300 ## - PHYSICAL DESCRIPTION
Dimensions 25 cm.
100 1# - MAIN ENTRY--PERSONAL NAME
Personal name Goodman, Lenn Evan,
Dates associated with a name 1944-
9 (RLIN) 11655
245 10 - TITLE STATEMENT
Title Judaism, human rights, and human values /
Statement of responsibility, etc Lenn E. Goodman.
260 ## - PUBLICATION, DISTRIBUTION, ETC. (IMPRINT)
Place of publication, distribution, etc New York :
Name of publisher, distributor, etc Oxford University Press,
Date of publication, distribution, etc c1998.
300 ## - PHYSICAL DESCRIPTION
Extent xxi, 202 p. ;
504 ## - BIBLIOGRAPHY, ETC. NOTE
Bibliography, etc Includes bibliographical references (p. 181-183) and index.
505 00 - FORMATTED CONTENTS NOTE
Miscellaneous information 1.
Title The Idea of Deserts --
Miscellaneous information 2.
Title Judaism and Human Rights --
Miscellaneous information 3.
Title Abortion and the Emergence of Life --
Miscellaneous information 4.
Title On Liberty Reconsidered --
Miscellaneous information 5.
Title The Rights and Wrongs of Nations.
520 ## - SUMMARY, ETC.
Summary, etc Following on the heels of his critically acclaimed God of Abraham (Oxford, 1996), Lenn E. Goodman here focuses on rights, their grounding in the deserts of beings, and the dignity of persons. In an incisive contemporary dialogue between reason and revelation, Goodman argues for ethical standards and public policies that respect human rights and support the preservation of all beings: animals, plants, econiches, species, habitats, and the monuments of nature and culture.
520 8# - SUMMARY, ETC.
Summary, etc Immersed in the Jewish and philosophical sources, Goodman's argument ranges from the fetus in the womb to the modern nation state, from the problems of pornography and tobacco advertising to the rights of parents and children, individuals and communities, the powerful and powerless - the most ancient and the most immediate problems of human life and moral responsibility.
600 10 - SUBJECT ADDED ENTRY--PERSONAL NAME
Personal name Mill, John Stuart,
Dates associated with a name 1806-1873.
Title of a work On liberty.
9 (RLIN) 7963
650 #0 - SUBJECT ADDED ENTRY--TOPICAL TERM
Topical term or geographic name as entry element Human rights
General subdivision Religious aspects
-- Judaism.
9 (RLIN) 11656
650 #0 - SUBJECT ADDED ENTRY--TOPICAL TERM
Topical term or geographic name as entry element Human rights
General subdivision Philosophy.
9 (RLIN) 11657
650 #0 - SUBJECT ADDED ENTRY--TOPICAL TERM
Topical term or geographic name as entry element Liberty.
9 (RLIN) 7967
650 #0 - SUBJECT ADDED ENTRY--TOPICAL TERM
Topical term or geographic name as entry element Jewish ethics.
9 (RLIN) 1421
900 ## - EQUIVALENCE OR CROSS-REFERENCE-PERSONAL NAME [LOCAL, CANADA]
Numeration TOC
942 ## - ADDED ENTRY ELEMENTS (KOHA)
Source of classification or shelving scheme Library of Congress Classification
Koha item type Monograph ( Printed materials)
Holdings
Withdrawn status Lost status Source of classification or shelving scheme Damaged status Not for loan Collection code Home library Current library Shelving location Date acquired Total Checkouts Full call number Barcode Date last seen Price effective from Koha item type
    Library of Congress Classification     Main Collection ARRUPE LIBRARY ARRUPE LIBRARY Main Collection 24/09/2014   BM645.H85 G66 1998 46500001378 02/05/2024 24/09/2014 Monograph ( Printed materials)

 

Arrupe Library. PO Box MP320 Mt Pleasant, Harare, Zimbabwe
263 242 745411|librarian@aju.ac.zw